00450nam a2200121 a 450000100100000000500170001000800410002704000260006808200150009424501230010926000530023230000430028500003110620200930062717.0110613s1933 dr c 000 0 spa d aDO-SdBNPbspacBNPPHU axxxxbxxxx00aReport of the twenty-sixth fiscal period dominican customs receivership :btogether with summary of commerce for 1932. awashington :bGovernment Printing Office,c1933. a1 v. con varias paginaciones ;c23 cm.